000
00501nam a2200181Ia 4500
008
090124s9999 xx 000 0 und d
082
_b
112140
100
_a
कुलकर्णी वि.म.
245
_a
पाऊल खुणा
250
_a
1
260
_c
1967
300
_a
132
600
_a
कुलकर्णी वि.म.
630
_a
पाऊल खुणा
700
_a
कुलकर्णी वि.म.
730
_a
पाऊल खुणा
942
_c
BOOK
999
_c
158231
_d
158231